| 000 | 00433pab a2200169 454500 | ||
|---|---|---|---|
| 008 | 180718b2013 xxu||||| |||| 00| 0 eng d | ||
| 100 | _aPattanaik, Smruti S. | ||
| 245 | _aWhat does the war crimes trial portend for the future of Bangladesh? | ||
| 260 | _c2013 | ||
| 300 | _ap.55-61. | ||
| 362 | _a23 Mar | ||
| 650 | _aWar crimes - Bangaladesh | ||
| 650 | _aWar crimes | ||
| 773 | _aMainstream | ||
| 908 | _aN | ||
| 909 | _a99282 | ||
| 999 |
_c99281 _d99281 |
||